000 03367nab a2200337 i 4500
003 BR-BrBNA
005 20241108111634.0
008 241108b2020 bl.ar|pooa||| 00| 0 eng |
040 _aBR-BrBNA
_beng
072 _aT01
_b0336
072 _aP33
100 _aSilva, Diecson Ruy Orsolin da
100 _aCuchi, Marina Luiza
100 _aSilva, Álvaro André Alba da
100 _aNovello, Bruna Dal’Pizol
100 _aBasso, Claudir José
245 _aSimulated rainfall following the preplant application of 2,4-D and dicamba in soybean
500 _a Publicação online; 22 ref.; 2 illus.; Summaries (En, Pt)
520 _a ABSTRACT - Soil residues following the application of 2,4-D and dicamba for weed control may delay the establishment and initial development of soybean, but rainfall can reduce the interval required between application and sowing. Rainfall volumes (0; 10; 30; 60; and 90 mm) were simulated following the application of 2,4-D (300 and 600 g a.e. ha-1) and dicamba (120 and 240 g a.e. ha-1), and the effects on soybean were evaluated. The application of 2,4-D did not affect the soybean establishment or initial development, regardless of the simulated rainfall volume. However, the dicamba residual reduced the soybean establishment for the lower rainfall volumes. Phytotoxicity was more severe for the highest dicamba rate (75-100 %), being 50-100 % for the lowest rate. The higher volumes of simulated rainfall reduced the phytotoxicity of dicamba in soybean, but were not sufficient to reduce the deleterious effects on the initial development of the crop. KEYWORDS: Glycine max, synthetic auxin, herbicide dissipation.
520 _a RESUMO - Chuva simulada após aplicação de 2,4-D e dicamba na pré-semeadura de soja - Resíduos no solo, após a aplicação de 2,4-D e dicamba para o controle de plantas daninhas, podem atrasar o estabelecimento e desenvolvimento inicial da soja, mas as chuvas podem reduzir o intervalo necessário entre a aplicação e a semeadura. Volumes de chuva (0; 10; 30; 60; e 90 mm) foram simulados após a aplicação de 2,4-D (300 e 600 g e.a. ha-1) e dicamba (120 e 240 g e.a. ha-1), e os efeitos sobre a soja foram avaliados. A aplicação de 2,4-D não afetou o estabelecimento ou desenvolvimento inicial da soja, independentemente do volume de chuva simulado. No entanto, o residual de dicamba reduziu o estabelecimento da soja para os menores volumes de chuva. A fitotoxicidade foi mais severa para a maior dose de dicamba (75-100 %) e 50-100 % na menor dose. Os maiores volumes de chuva simulados reduziram a fitotoxicidade de dicamba na soja, mas não foram suficientes para reduzir os efeitos deletérios no desenvolvimento inicial da cultura. PALAVRAS-CHAVE: Glycine max, auxina sintética, dissipação de herbicida.
650 _aSOJA
650 _aHERBICIDA
650 _aRESÍDUO
650 _aANÁLISE DO SOLO
650 _aFITOTOXICIDADE
650 _aCHUVA ARTIFICIAL
773 0 _03248
_9317346
_dGoiânia-GO UFG. Escola de Agronomia 1999
_o2024-3998
_tPesquisa Agropecuária Tropical (Brazil)
_x1517-6398
_gv. 50 p. 1-7; (2020)
_wBR2024003182
856 _uhttps://revistas.ufg.br/pat/article/view/62780/35407
942 _cANA
999 _c328519
_d328519